| 000 | 00697nam a22002057a 4500 | ||
|---|---|---|---|
| 999 |
_c195271 _d195271 |
||
| 005 | 20230317121116.0 | ||
| 010 | _aENG-136430 | ||
| 020 |
_c850.00 _a9789356062641 |
||
| 035 | _aEN-119962 | ||
| 037 | _bDBAD/PUB | ||
| 082 | _a000 | ||
| 100 | _aThorpe, Edgar | ||
| 245 |
_aGeneral Knowledge Manual 2023 / _cBy Edgar Thorpe and Showick Thorpe |
||
| 250 | _aFirst | ||
| 260 |
_bPearson India Education Services Pvt Ltd _aNoida |
||
| 270 |
_a15 th, Tower- B, World Trade Tower, Plot No 1, Block C, Sector -16 _mcompanysecretary.india@pearson.com _bUttar Pradesh _e201301 |
||
| 300 |
_axxiii8.67p. _c25cm(pbk) |
||
| 700 |
_aThorpe,Showick _eAuthor |
||
| 942 |
_2ddc _cEN _h000 _mEDG |
||